| 000 | 01125nam a22003377a 4500 | ||
|---|---|---|---|
| 003 | CHAP | ||
| 005 | 20220817041537.0 | ||
| 008 | 971013s1994 r 00010 d | ||
| 010 | _a17571 | ||
| 011 | _a18543 | ||
| 035 | _a22628 | ||
| 040 | _cCHAP | ||
| 082 |
_a301.444 _bF36Y |
||
| 110 | _aFAO | ||
| 245 |
_aMicroempresas asociativas integradas por campesinos marginados en América Central _b: aspectos jurídicos e institucionales |
||
| 260 |
_aRoma : _bFAO, _c1994 |
||
| 300 | _a46 p. | ||
| 490 |
_aFAO. Participación popular _v; 1 |
||
| 590 |
_aBATCH-UPD _b10 _c20130110 _lUCH01 _h1703 |
||
| 590 |
_aBATCH-UPD _b10 _c20130410 _lUCH01 _h1050 |
||
| 590 |
_aBATCH-UPD _b10 _c20130914 _lUCH01 _h0826 |
||
| 590 |
_aCONVERSION _b10 _c20130109 _lUCH01 _h1311 |
||
| 650 | 1 | 4 |
_aAgricultura _xSociedades _xLeyes. _91808 |
| 650 | 1 | 4 |
_aAmerica Central _xCondiciones rurales. _95372 |
| 650 | 1 | 4 |
_aCampesinado _xAmérica Latina. _917996 |
| 700 | 0 |
_aGalán, Beatriz B. _944483 |
|
| 830 | 0 |
_aFAO. Participación popular _v; 1 _939644 |
|
| 901 | _aBK | ||
| 942 | _cLIBRO | ||
| 949 |
_a301.444 F36Y _bBC _cFAO _d-52993 _eFAO1 _h87187 _i22628 _si |
||
| 999 |
_c17571 _d17571 |
||